<?xml version="1.0" encoding="UTF-8"?>
<marc:record xmlns:marc="http://www.loc.gov/MARC21/slim">
   <marc:leader>00000nam a2200000 a 4500</marc:leader>
   <marc:datafield ind1="1" ind2=" " tag="100">
      <marc:subfield code="a">Kerkeling, Hape</marc:subfield>
      <marc:subfield code="4">aut</marc:subfield>
      <marc:subfield code="e">Verfasser/-in</marc:subfield>
   </marc:datafield>
   <marc:datafield ind1="0" ind2="0" tag="245">
      <marc:subfield code="a">Der Junge muss an die frische Luft</marc:subfield>
   </marc:datafield>
   <marc:datafield ind1="0" ind2="0" tag="245">
      <marc:subfield code="c">Kerkeling, Hape</marc:subfield>
   </marc:datafield>
   <marc:datafield ind1=" " ind2="1" tag="264">
      <marc:subfield code="a">Hamburg</marc:subfield>
      <marc:subfield code="b">Warner Home Video</marc:subfield>
      <marc:subfield code="c">2019</marc:subfield>
   </marc:datafield>
   <marc:datafield ind1="1" ind2=" " tag="520">
      <marc:subfield code="a">Der Ruhrpott im Jahr 1972: Der neunjährige Hans-Peter (Julius Weckauf) ist ein wenig pummelig, lässt sich davon aber nicht bedrücken. Stattdessen feilt er fleißig an seiner großen Begabung, andere zum Lachen zu bringen, was sowohl bei den Kunden im Krämerladen seiner Oma Änne (Hedi Kriegesgott) als auch bei seiner ebenso gut gelaunten wie feierwütigen Verwandtschaft natürlich gerne gesehen wird. Doch dann wird seine Mutter Margret (Luise Heyer) wegen einer chronischen Kieferhöhlenentzündung operiert und verliert ihren Geruchs- und Geschmackssinn, wodurch sie in eine tiefe Depression stürzt. Sein Vater Heinz (Sönke Möhring) ist ratlos, aber Hans-Peter fühlt sich dadurch nur noch umso mehr angetrieben, sein komödiantisches Talent auszubauen...&#xD;
&#xD;
Basierend auf Hape Kerkelings gleichnamigem autobiographischem Bestseller.</marc:subfield>
   </marc:datafield>
   <marc:datafield ind1="3" ind2=" " tag="024">
      <marc:subfield code="a">5051890317568</marc:subfield>
   </marc:datafield>
   <marc:datafield ind1=" " ind2=" " tag="041">
      <marc:subfield code="a">ger</marc:subfield>
   </marc:datafield>
   <marc:datafield ind1="1" ind2=" " tag="521">
      <marc:subfield code="a">FSK ab 6 freigegeben</marc:subfield>
   </marc:datafield>
   <marc:datafield ind1="1" ind2=" " tag="521">
      <marc:subfield code="a">6</marc:subfield>
   </marc:datafield>
   <marc:datafield ind1=" " ind2=" " tag="338">
      <marc:subfield code="a">Videodisk</marc:subfield>
   </marc:datafield>
   <marc:datafield ind1=" " ind2=" " tag="300">
      <marc:subfield code="a">1 DVD</marc:subfield>
   </marc:datafield>
</marc:record>
